00386 a2200109 4500001001000000005001700010008004100027245010300068100002000171773006800191999001700259ART_3903320260410161804.0260409a 10aEl poder de homologación judicial. Traducción y cotejo con el sistema concursal estadounidense1 aDasso, Ariel A.0 tDoctrina Societaria y Concursalg- Nº 320 (jul. 2014)wREV4298 c20857d20857